01583nam a22001937a 450000500170000000800410001702000180005804000070007604100120008308200160009510000150011124500340012626000350016030000320019536500600022752010730028765000090136065000200136920250625145148.0250624b |||||||| |||| 00| 0 eng d a9780063269347 cAL aEnglish a306.7bHOOA aBell Hooks aAll about loveb: new visions aNew YorkbWilliam Morrowc2000 axxix,238p.bPBc21.5x14 cm. aKSCR-000226b₹399.00c₹d₹499.00e20%f20-06-2025 aThe word 'love is most often defined as a noun, yet...we would all love better if we used it as a verb, " writes bell hooks as she comes out fighting and on fire in All About Love. Here, at her most provocative and intensely personal, the renowned scholar, cultural critic, and feminist skewers our view of love as romance. In its place she offers a proactive new ethic for a people and a society bereft with lovelessness. As bell hooks uses her incisive mind and razor-sharp pen to explore the question "What is love?" her answers strike at both the mind and heart. In thirteen concise chapters, hooks examines her own search for emotional connection and societys failure to provide a model for learning to love. Razing the cultural paradigm that the ideal love is infused with sex and desire, she provides a new path to love that is sacred, redemptive, and healing for the individuals and for a nation. The Utne Reader declared bell hooks one of the "100 Visionaries Who Can Change Your Life." All About Love is a powerful affirmation of just how profoundly she can. aLove aFeminist Ethics